Pays de la Loire: villes de plus de 50 000 habitants - Statistiques

Statistiques générales
  • Ce quiz a été pris 67 fois
  • Le résultat moyen est 6 sur 7
Statistiques - réponses
Classement Population Département Nom de la commune % Correct
1 325 000 44 Nantes
98%
2 157 000 49 Angers
97%
4 73 000 44 Saint-Nazaire
94%
3 145 000 72 Le Mans
92%
5 54 000 85 La Roche-sur-Yon
89%
6 54 000 49 Cholet
83%
7 50 000 44 Saint-Herblain
62%
Aucun quiz correspondant
Distribution des résultats
% des personnes avec chaque résultat
Percentile par nombre de réponses
Votre historique - résultats
Vous n’avez pas pris ce quiz